000 00546nam a2200181Ia 4500
008 100920s9999 xx 000 0 und d
082 _b74182
_a24 थ 99
100 _aकर्णिक मधुमंगेश.
245 _aक्षतिीज.
260 _bयशोदा प्रकाशन ,रत्नागिरी.
_c1999
300 _a265
_bसाधी
365 _b180
520 _aसायो.
630 _aक्षतिीज.
650 _aसायो.
730 _aक्षतिीज.
942 _cBOOK
999 _c715792
_d715789